000 00444nam a2200157 a 4500
001 000041431
005 20201002034902.0
008 131004s199u mx 000 0 spa d
020 _a9684420218
040 _aDO-SdBNP
_bspa
_cBNPHU
082 _axxx
_bxxx
100 1 _aLarrañaga, Ignacio
_953897
245 1 3 _aEl silencio de María. /
_cIgnacio Larrañaga.
260 _aMéxico :
_bLibrería Parroquial,
_c[199u].
300 _a247 p. ;
_c17 cm.
999 _c40921
_d40921